000 00507nam a2200217Ia 4500
003 OSt
005 20221007082437.0
006 a|||||r|||| 00| 0
007 ta
008 221006b |||||||| |||| 00| 0 eng d
024 _a21,033
037 _cTextual
040 _aFLL
_cFLL
_beng
041 _2eng
_aeng
082 _aZ(Q2), M1
100 _aUrsekar
_9699093
245 0 _aEssays on Indology
260 _c1981
942 _hZ(Q2), M1
_cTEXL
_2CC
999 _c1166444
_d1166444